| 000 | 00326nam a2200121Ia 4500 | ||
|---|---|---|---|
| 008 | 220613s9999||||xx |||||||||||||| ||und|| | ||
| 100 | _am Natrajan | ||
| 245 | 0 | _aNatrajan Text book Of Ortghopedics And Treumatology With Multiple And questions | |
| 250 | _a6th (2005) | ||
| 300 | _a196 | ||
| 650 | _aOrthopedics | ||
| 942 | _cSURG | ||
| 999 |
_c7167 _d7167 |
||